Evolución del comercio de España con los Estados Unidos de Norteamérica en relación con el de otros paises desde principios de este siglo. (Record no. 61422)

MARC details
000 -LEADER
campo de control de longitud fija 00741nam a2200193 i 4500
001 - NÚMERO DE CONTROL
campo de control 61422
003 - IDENTIFICADOR DE NÚMERO DE CONTROL
campo de control ES-MaACL
005 - FECHA Y HORA DE LA ÚLTIMA TRANSACCIÓN
campo de control 20250903063059.0
007 - CAMPO FIJO DE DESCRIPCIÓN FÍSICA--INFORMACIÓN GENERAL
campo de control de longitud fija t|
008 - DATOS DE LONGITUD FIJA--INFORMACIÓN GENERAL
campo de control de longitud fija 031112s1931 sp ||||1| spa d
245 00 - MENCIÓN DEL TÍTULO
Título Evolución del comercio de España con los Estados Unidos de Norteamérica en relación con el de otros paises desde principios de este siglo.
260 ## - PUBLICACIÓN, DISTRIBUCIÓN, ETC.
Lugar de publicación, distribución, etc. Barcelona :
Nombre del editor, distribuidor, etc. Herederos de Serra y Russell,
Fecha de publicación, distribución, etc. 1931.
300 ## - DESCRIPCIÓN FÍSICA
Extensión 84, XLIV p. ;
Dimensiones 27 cm.
500 ## - NOTA GENERAL
Nota general Precede al título: Comité Nacional Español de la Cámara de Comercio Internacional.
710 2# - ENTRADA AGREGADA--NOMBRE DE ENTIDAD CORPORATIVA
Nombre de entidad corporativa o nombre de jurisdicción como elemento de entrada Cámara de Comercio Internacional.
Unidad subordinada Comité Nacional Español
9 (RLIN) 3092
852 ## - LOCALIZACIÓN
Ubicación ES-MaACL
Número de control de estantería 1744-F-23
942 ## - ELEMENTOS DE ENTRADA SECUNDARIOS (KOHA)
Fuente del sistema de clasificación o colocación Clasificación decimal universal
Holdings
Estatus retirado Estado de pérdida Estado de daño No para préstamo Colección Biblioteca de origen Biblioteca actual Ubicación en estantería Fecha de adquisición Fuente de adquisición Total de préstamos Signatura topográfica completa Código de barras Visto por última vez Precio de reemplazo Tipo de ítem Koha
        Colección de folletos Biblioteca del Ateneo de Madrid Biblioteca del Ateneo de Madrid Depósito folletos 17/01/2008     1744-F-23 1064405 23/02/2023 23/02/2023 Folleto